01186nab a22002657a 4500003000400000005001700004008004100021040000700062100002500069245012800094260004200222300001100264500003700275505021500312505008900527650002000616650002400636650003300660650002700693650001300720650001600733650002800749650002400777773011900801OSt20260202200906.0190506c xxu||||| |||| 00| 0 spa d cPJ aAntacli, Graciela C.10aInterrogantes sobre la efectiva protección de la salud y seguridad del trabajo en el teletrabajo /cGraciela C. Antacli.  aBuenos Aires :bAbeledoPerrot,c2023. ap. 3-8 aCita: TR LALEY AR/DOC/2521/2023  aSumario: I. Introducción.— II. En el teletrabajo, ¿es efectiva la protección de la salud y seguridad por la inspección del trabajo?— III. A modo de conclusión.— IV. Referencias bibliográficas.  t¿Te interesa el texto completo? Comunicate al correo: koha@justierradelfuego.gov.ar 0aDERECHO LABORAL 0aCONTRATO DE TRABAJO 0aTECNOLOGIA DE LA INFORMACION 0aCIENCIA Y TECNOLOGÍA 0aPANDEMIA 0aTELETRABAJO 0aINTELIGENCIA ARTIFICIAL 0aDERECHO INFORMATICO0 02751dBuenos Aires : AbeledoPerrot, 2013-tRevista de derecho laboral y seguridad social. Nº 23 - Diciembre 2023